000 00816nam a22002417a 4500
003 OSt
005 20210421080618.0
008 210224s1970 ||||| |||| 00| 0 eng d
020 _a395090644 (de luxe edition)
020 _a395090652 (plain edges)
020 _a395090660 (thumb-indexed)
020 _a395090709 (school edition)
040 _aeng
_beng
_cDLC
041 _aeng
080 _a811-3
_bM-86
100 _91102
_aMorris, William
_eEditor
245 _aThe American Heritage Dictionary of the English Language
_c/ by: American Heritage Publishing Co, Inc and Houghton Mifflin Company
260 _aBoston
_bAmerican Heritage Publishing Co, Inc and Houghton Mifflin Company
_c1970
300 _a1551 p.
_bill.
650 0 _9452
_aDictionary
653 _aლექსიკონი
942 _2udc
_cBK
999 _c1691
_d1691